| 000 | 00805cam a22002411 4500 | ||
|---|---|---|---|
| 001 | gs 39000115 | ||
| 003 | DLC | ||
| 005 | 20260227111344.0 | ||
| 008 | 790615s1938 nbu s000 0 eng | ||
| 010 | _ags 39000115 | ||
| 035 | _a(OCoLC)5069578 | ||
| 040 |
_aDLC _cTxCM _dOCoLC _dDLC |
||
| 042 | _apremarc | ||
| 050 | 0 | 0 |
_aQE135 _b.A43 no. 13 |
| 100 | 1 |
_aReed, E. C. _q(Eugene Clifton), _d1901- |
|
| 245 | 1 | 0 |
_aCorrelation of formations drilled in the Midland Forster well near Fremont, Nebraska, _cby E. C. Reed. |
| 260 |
_a[Lincoln] _bPublished by authority of the state of Nebraska, _c1938. |
||
| 300 | _a20 p. | ||
| 410 | 2 | 0 |
_aNebraska Geological Survey _tPaper _vno. 13 |
| 650 | 0 |
_aGeology _zNebraska. |
|
| 650 | 0 |
_aGroundwater _zNebraska. |
|
| 740 | 0 | _aMidland Forster well near Fremont, Nebraska. | |
| 999 |
_c27532 _d27532 |
||